<?xml version="1.0" encoding="UTF-8"?>
<record
    xmlns:xsi="http://www.w3.org/2001/XMLSchema-instance"
    xsi:schemaLocation="http://www.loc.gov/MARC21/slim http://www.loc.gov/standards/marcxml/schema/MARC21slim.xsd"
    xmlns="http://www.loc.gov/MARC21/slim">

  <leader>00610nam a2200193 i 4500</leader>
  <controlfield tag="001">21512</controlfield>
  <controlfield tag="003">ES-MaACL</controlfield>
  <controlfield tag="005">20240529062940.0</controlfield>
  <controlfield tag="007">t|</controlfield>
  <controlfield tag="008">021126s1972    sp           ||||1| spa d</controlfield>
  <datafield tag="100" ind1="0" ind2=" ">
    <subfield code="a">Albornoz, Aurora de,</subfield>
    <subfield code="d">1926-1990</subfield>
    <subfield code="9">19411</subfield>
  </datafield>
  <datafield tag="245" ind1="1" ind2="0">
    <subfield code="a">Palabras desatadas... / </subfield>
    <subfield code="c">Aurora de Albornoz.</subfield>
  </datafield>
  <datafield tag="260" ind1=" " ind2=" ">
    <subfield code="a">M&#xE1;laga : </subfield>
    <subfield code="b">Librer&#xED;a Anticuaria El Guadalorce, </subfield>
    <subfield code="c">1972.</subfield>
  </datafield>
  <datafield tag="300" ind1=" " ind2=" ">
    <subfield code="a">21 p. ; </subfield>
    <subfield code="c">22 cm.</subfield>
  </datafield>
  <datafield tag="490" ind1="1" ind2=" ">
    <subfield code="a">Cuadernos de Mar&#xED;a Isabel ; </subfield>
    <subfield code="v">30</subfield>
  </datafield>
  <datafield tag="830" ind1="0" ind2=" ">
    <subfield code="a">Cuadernos de Mar&#xED;a Isabel ; </subfield>
    <subfield code="v">30</subfield>
    <subfield code="9">228959</subfield>
  </datafield>
  <datafield tag="852" ind1=" " ind2=" ">
    <subfield code="a">ES-MaACL</subfield>
    <subfield code="j">2082-F-20 </subfield>
    <subfield code="b">R.87694</subfield>
  </datafield>
  <datafield tag="999" ind1=" " ind2=" ">
    <subfield code="c">21512</subfield>
    <subfield code="d">21512</subfield>
  </datafield>
  <datafield tag="952" ind1=" " ind2=" ">
    <subfield code="0">0</subfield>
    <subfield code="1">0</subfield>
    <subfield code="4">0</subfield>
    <subfield code="7">0</subfield>
    <subfield code="8">Colecci&#xF3;n_de_folletos</subfield>
    <subfield code="a">ATENEOM</subfield>
    <subfield code="b">ATENEOM</subfield>
    <subfield code="c">DEPOF</subfield>
    <subfield code="d">2008-01-17</subfield>
    <subfield code="e">SC</subfield>
    <subfield code="l">0</subfield>
    <subfield code="o">2082-F-20</subfield>
    <subfield code="p">1022108</subfield>
    <subfield code="r">2023-02-23 00:00:00</subfield>
    <subfield code="w">2023-02-23</subfield>
    <subfield code="y">FOLLETOS</subfield>
  </datafield>
</record>
